Química orgánica física
Guardat en:
| Autor principal: | |
|---|---|
| Format: | Llibre |
| Idioma: | espanyol |
| Publicat: |
Madrid
Alhambra
1969
|
| Edició: | 1a. ed |
| Col·lecció: | Exedra, 25
|
| Matèries: | |
| Etiquetes: |
Afegir etiqueta
Sense etiquetes, Sigues el primer a etiquetar aquest registre!
|
MARC
| LEADER | 00000cam a2200000 a 4500 | ||
|---|---|---|---|
| 001 | UCD2717 | ||
| 003 | CL-VaPUC | ||
| 008 | 160505e19690000sp |||||||||||||||||spa|d | ||
| 082 | 0 | 4 | |a 547.1 |b WHE |2 21 |
| 100 | 0 | |a Wheeler, Owen H |e author |9 586073 | |
| 245 | 1 | 0 | |a Química orgánica física |
| 250 | |a 1a. ed | ||
| 300 | |a 184 p | ||
| 942 | |c BK | ||
| 945 | |d 20160505 16:04:00 |a arojas | ||
| 260 | |a Madrid |b Alhambra |c 1969 | ||
| 650 | 0 | |a Química orgánica |9 259426 | |
| 650 | 7 | |a PRODUCTOS QUIMICOS ORGANICOS |2 CL-VaPUC |9 344420 | |
| 650 | 0 | |a Reacciones químicas |9 259438 | |
| 650 | 0 | |a Tecnología química |9 263002 | |
| 650 | 0 | |a Química |9 259896 | |
| 650 | 0 | |a Física |9 227844 | |
| 583 | |a last modification |c 20160505 16:04:00 |k Rodrigo Vera | ||
| 490 | 0 | |a Exedra, 25 | |
| 999 | |c 363838 |d 363836 | ||